000 01034cab a2200241 4500
001 ABS44153
008 090401t1991 xxu||||| |||| 00| 0 eng d
035 _a(Sirsi) u45565
041 _aeng
100 _aMorris, A.
245 _aInsolvency: taking appropriate action
260 _c1991
350 _a0
490 _aChartered Quantity Surveyor
_v13(6) February 1991, 12(1)
520 _aThe first of three articles deals with the issue of company insolvency , identifying the problem, whether the contract conditions determine whether the insolvency is of the contractor or the employer , payment of debts on liquidation , unsecured creditors and the issues which the quantity surveyor may be called upon to advise concerning retention monies . References to case law.
650 _aBANKRUPTCY
650 _aBUILT ENVIRONMENT-BUILDING CONTRACT FORMS
650 _aDETERMINATION
650 _aLIQUIDATED DAMAGES
690 _aMANAGEMENT-BUSINESS MANAGEMENT-PROFESSIONAL PRACTICE
942 _n0
948 _c04/03/1997
999 _c28870
_d28870